KOHA-Header-6

Hypermedia and the web an Engineering Approach (Record no. 6615)

000 -LEADER
fixed length control field 00283nam a2200109Ia 4500
100 ## - MAIN ENTRY--AUTHOR NAME
Personal name David,Lowe
245 #0 - TITLE STATEMENT
Title Hypermedia and the web an Engineering Approach
260 ## - PUBLICATION, DISTRIBUTION, ETC. (IMPRINT)
Place of publication New york
Name of publisher Addison-Wesley
Year of publication 1999
300 ## - PHYSICAL DESCRIPTION
Number of Pages 599
942 ## - ADDED ENTRY ELEMENTS (KOHA)
Koha item type Books
Holdings
Withdrawn status Lost status Collection code Permanent Location Current Location Shelving location Date acquired Full call number Accession Number Koha item type
    Computer Science MAJU MAJU Shelf No.A16 2019-09-07 659.2 2196 Computer Science

Powered by Koha